000 00321nam a2200121Ia 4500
005 20251222143149.0
008 251222s9999||||xx |||||||||||||| ||spa||
082 _a901/V39
100 _aVega Delgado, José
245 0 _aFilosofía de la Historia y Prospectiva
264 _bUniversidad Católica de Cuenca
942 _cLIB
999 _c12620
_d12620